00303pab a2200121 454500008004000000100001800040245004900058260000900107300001400116362000800130650001400138773002900152180718b2010 xxu||||| |||| 00| 0 eng d aMooris, Lydia aWelfare, asylum and the politics of judgment c2010 ap.119-38. aJan aJudiciary aJournal of Social Policy